2011: eleccions en temps de crisi /
Zapisane w:
| 1. autor: | |
|---|---|
| Format: | Texto |
| Etykiety: |
Dodaj etykietę
Nie ma etykietki, Dołącz pierwszą etykiete!
|
MARC
| LEADER | 00000 a a2200000 04500 | ||
|---|---|---|---|
| 001 | 46229 | ||
| 003 | |||
| 040 | |||
| 100 | |a Marcet, Joan | ||
| 245 | |a 2011: |b eleccions en temps de crisi / |c Joan Marcet | ||
| 773 | |g número5 ( , 2012), páginas 9-60 : tablas, gráficos, mapas | ||
| 999 | |c 33367 |d 33367 | ||
